书目信息 |
| 题名: |
英汉国际政治经济法律词汇
|
|
| 作者: | 陈公绰 主编 | |
| 分册: | ||
| 出版信息: | 北京 中国对外翻译出版公司 1985 |
|
| 页数: | 508页 | |
| 开本: | 20cm | |
| 丛书名: | ||
| 单 册: | ||
| 中图分类: | C61 | |
| 科图分类: | ||
| 主题词: | 社会科学--名词术语 , 社会科学--词典 , 社会科学--百科全书 | |
| 电子资源: | ||
| ISBN: | ||
| 000 | 00750nam0 2200265 45 | |
| 001 | 0185000803 | |
| 005 | 20050105111637.2 | |
| 010 | @dCNY2.90 | |
| 091 | @a17220.8 | |
| 100 | @a19951006d1985 emky0chiy0121 ea | |
| 101 | 2 | @achi@aeng |
| 102 | @aCN@b110000 | |
| 105 | @ay e 000yy | |
| 200 | 10 | @a英汉国际政治经济法律词汇@Aying han guo ji zheng zhi jing ji fa lv ci hui@f陈公绰主编@FChen Gong Chuo Zhu Bian |
| 205 | @a增订本 | |
| 210 | @a北京@c中国对外翻译出版公司@d1985 | |
| 215 | @a508页@d20cm | |
| 606 | 0 | @a社会科学@x名词术语 |
| 606 | 0 | @a社会科学@x词典 |
| 606 | 0 | @a社会科学@x百科全书 |
| 690 | @aC61@v3 | |
| 701 | 0 | @a陈公绰@4主编 |
| 801 | 0 | @aCN@b深圳图书馆@c20040505 |
| 801 | 2 | @aCN@bNLC@c20040505 |
| 905 | @dC61@e11@f1@b174104 | |
| 英汉国际政治经济法律词汇/陈公绰主编.-增订本.-北京:中国对外翻译出版公司,1985 |
| 508页;20cm |
| ISBN :CNY2.90 |
| ● |
| 相关链接 |
|
|
|
|
正题名:英汉国际政治经济法律词汇
索取号:C61/11
 
预约/预借
| 序号 | 登录号 | 条形码 | 馆藏地/架位号 | 状态 | 备注 |
| 1 | 0174104 | 001965181 | 第一借阅区/ [索取号:C61/11] | 在馆 | |
| 2 | 0174105 | 001144256 | 第一样本阅览室/ [索取号:C61/11] | 在馆 | |
| 3 | 0219115 | 001144265 | 密集书库/ [索取号:C61/11] | 在馆 |